[Event "exe Slovakia Open 2025"]
[Site "Bratislava SVK"]
[Date "2025.09.14"]
[Round "2.53"]
[White "Prochazka, Michal"]
[Black "Petrik, Matus"]
[Result "1-0"]
[WhiteElo "1764"]
[BlackElo "1902"]
[WhiteFideId "14975777"]
[BlackFideId "266400"]
[EventDate "2025.09.13"]

1. e4 c5 2. Nf3 e6 3. Nc3 Nc6 4. d4 cxd4 5. Nxd4 Qc7 6. Ndb5 Qb8 7. Be3 a6 8.
Bb6 axb5 9. Nxb5 Bb4+ 10. c3 Ba5 11. Nc7+ Kf8 12. Bc5+ Nge7 13. Nxa8 Qxa8 14.
Bb5 Bc7 15. O-O Qb8 16. h3 d6 17. Ba3 Na7 18. Be2 Bd7 19. Qd2 Bc6 20. Rad1 Nac8
21. e5 d5 22. f4 f6 23. exf6 gxf6 24. f5 e5 25. Qh6+ Ke8 26. Qxf6 Rg8 27. Bh5+
Kd8 28. Bf7 Rxg2+ 29. Kxg2 d4+ 30. Kg1 1-0

[Event "exe Slovakia Open 2025"]
[Site "Bratislava SVK"]
[Date "2025.09.14"]
[Round "2.54"]
[White "Bartolome Martin, Angel"]
[Black "Srnak, Martin"]
[Result "1-0"]
[WhiteElo "1919"]
[BlackElo "1671"]
[WhiteFideId "24527823"]
[BlackFideId "14973308"]
[EventDate "2025.09.13"]

1. e4 c5 2. Nf3 g6 3. d4 cxd4 4. Nxd4 Nc6 5. c4 Bg7 6. Be3 d6 7. Nc3 Nf6 8. Be2
O-O 9. O-O Bd7 10. h3 Nxd4 11. Bxd4 Bc6 12. Qc2 Nd7 13. Bxg7 Kxg7 14. b4 Nf6 15.
Rad1 b6 16. e5 Ne8 17. exd6 exd6 18. Qd3 Qg5 19. Nd5 Bxd5 20. Qxd5 Qxd5 21. Rxd5
f5 22. Rfd1 Rc8 23. a4 Rf6 24. a5 Re6 25. Kf1 Rc6 26. axb6 axb6 27. Ra1 Nf6 28.
Ra7+ Kg8 29. Rd1 Ne4 30. Bd3 Ng5 31. c5 Kh8 32. Bb5 1-0

[Event "exe Slovakia Open 2025"]
[Site "Bratislava SVK"]
[Date "2025.09.14"]
[Round "2.55"]
[White "Jursa, Juraj"]
[Black "Pisarcik, Richard"]
[Result "1-0"]
[WhiteElo "1756"]
[BlackElo "1922"]
[WhiteFideId "73619256"]
[BlackFideId "14967499"]
[EventDate "2025.09.13"]

1. d4 Nf6 2. Bf4 d5 3. Nf3 e6 4. e3 Bd6 5. Ne5 O-O 6. Bd3 c5 7. c3 b6 8. Nd2 Bb7
9. O-O Nc6 10. Ndf3 Ne7 11. h3 Ne4 12. Nh2 f6 13. f3 fxe5 14. dxe5 Bc7 15. fxe4
dxe4 16. Bc4 Bd5 17. Qb3 Bxc4 18. Qxc4 Qd5 19. Qb5 Qc6 20. Qxc6 Nxc6 21. Ng4
Rad8 22. Rad1 h5 23. Nf2 Bxe5 24. Bxe5 Nxe5 25. Nxe4 Rxf1+ 26. Rxf1 Nc4 27. b3
Nxe3 28. Re1 Rd1 29. Rxd1 Nxd1 30. Kf1 Ne3+ 31. Kf2 Nd5 32. c4 Nb4 33. a4 Nc2
34. Nd2 Kf7 35. Kf3 a5 36. Kf4 Nd4 37. Ke5 Ke7 38. g3 g5 39. h4 g4 40. Ke4 Kf6
41. Kd3 Kf5 42. Ke3 Ke5 43. Kd3 Nf3 44. Ne4 Ne1+ 45. Ke3 Ng2+ 46. Kd3 Nxh4 47.
gxh4 Kf4 48. Ng5 Kg3 49. Nxe6 Kh3 50. Nf4+ Kxh4 51. Ke3 Kg5 52. Nd5 h4 53. Kf2
Kf5 54. Nxb6 Ke4 55. Nd7 Kf4 56. Nxc5 g3+ 57. Kg2 Kg4 58. Ne4 h3+ 59. Kg1 g2 60.
Nf2+ 1-0

[Event "exe Slovakia Open 2025"]
[Site "Bratislava SVK"]
[Date "2025.09.14"]
[Round "2.56"]
[White "Reichel, Lukasz"]
[Black "Gonda, Jan"]
[Result "1-0"]
[WhiteElo "1905"]
[BlackElo "1703"]
[WhiteFideId "1135961"]
[BlackFideId "14910489"]
[EventDate "2025.09.13"]

1. e4 d5 2. exd5 Qxd5 3. Nc3 Qa5 4. d4 c6 5. Bc4 Bf5 6. Nf3 e6 7. Bd2 Qc7 8. Qe2
Nd7 9. d5 e5 10. dxc6 bxc6 11. O-O Bd6 12. Nxe5 Nxe5 13. f4 Bg4 14. Qe3 Qe7 15.
Qg3 Nxc4 16. Qxg4 Qf8 17. Qe2+ Qe7 18. Qxc4 Qc7 19. Rae1+ Ne7 20. Ne4 O-O 21.
Nxd6 Qxd6 22. Bb4 Qd5 23. Qxd5 Nxd5 24. Bxf8 Kxf8 25. a3 g6 26. f5 Re8 27. fxg6
Rxe1 28. g7+ Kxg7 29. Rxe1 Kf8 30. Re5 f6 31. Rxd5 cxd5 32. Kf2 Ke7 33. Ke3 1-0

[Event "exe Slovakia Open 2025"]
[Site "Bratislava SVK"]
[Date "2025.09.14"]
[Round "2.57"]
[White "Bednar, Daniel"]
[Black "Malaschitz, Teodor"]
[Result "0-1"]
[WhiteElo "1764"]
[BlackElo "1899"]
[WhiteFideId "14989620"]
[BlackFideId "73621153"]
[EventDate "2025.09.13"]

1. e4 c6 2. d4 d5 3. e5 Bf5 4. h4 h5 5. Bd3 Bxd3 6. Qxd3 e6 7. Bg5 Qb6 8. Nd2 c5
9. c4 Qxb2 10. Rd1 Qxd4 11. Qb3 Qxe5+ 12. Ne2 Nd7 13. Bf4 Qf5 14. Qxb7 Rd8 15.
Bc7 Ngf6 16. Bxd8 Kxd8 17. Qxa7 Bd6 18. cxd5 exd5 19. O-O g5 20. Nf3 gxh4 21.
Nxh4 Qg4 22. Qa8+ Bb8 23. Rb1 Ke7 24. Ng3 Bxg3 25. Qxh8 Bxh4 26. Rfe1+ Kd6 27.
Qa8 Ne4 28. f3 Qf4 29. fxe4 Bf2+ 0-1

[Event "exe Slovakia Open 2025"]
[Site "Bratislava SVK"]
[Date "2025.09.14"]
[Round "2.58"]
[White "Michalska, Aleksandra"]
[Black "Zhanybekov, Alisher"]
[Result "1-0"]
[WhiteElo "1892"]
[BlackElo "1630"]
[WhiteFideId "1193953"]
[BlackFideId "447013397"]
[EventDate "2025.09.13"]

1. e4 c5 2. Nc3 g6 3. Nge2 Bg7 4. g3 h5 5. h3 Nc6 6. Bg2 Rb8 7. d3 b5 8. O-O b4
9. Nd5 a5 10. Rb1 d6 11. f4 Nd4 12. Kh2 Nh6 13. f5 gxf5 14. Nxd4 Bxd4 15. Bxh6
Rxh6 16. Qd2 f4 17. gxf4 Be6 18. f5 Bxd5 19. Qxh6 Bxa2 20. Ra1 b3 21. c3 Be5+
22. Kh1 Kd7 23. Qe3 Qh8 24. Rac1 a4 25. Rfd1 Rg8 26. d4 Rg3 27. Qf2 Rxc3 28.
bxc3 Bg7 29. Ra1 cxd4 30. cxd4 Qa8 31. Rxa2 bxa2 32. Qxa2 a3 33. Rd3 1-0

[Event "exe Slovakia Open 2025"]
[Site "Bratislava SVK"]
[Date "2025.09.14"]
[Round "2.59"]
[White "Chmurny, Richard"]
[Black "Mattinson, Kai"]
[Result "1-0"]
[WhiteElo "1689"]
[BlackElo "1882"]
[WhiteFideId "14989581"]
[BlackFideId "343401562"]
[EventDate "2025.09.13"]

1. e4 c6 2. d4 d5 3. exd5 cxd5 4. Bf4 Bf5 5. Nf3 e6 6. c3 a6 7. Qb3 Qc8 8. Nbd2
Nf6 9. h3 h5 10. Be2 Be7 11. O-O Ne4 12. Nxe4 dxe4 13. Ne5 f6 14. Nc4 Nd7 15.
Nd6+ Bxd6 16. Bxd6 Qc6 17. Ba3 Nb6 18. c4 Rd8 19. Rfd1 h4 20. Rac1 Nc8 21. d5
exd5 22. cxd5 Qd7 23. d6 Be6 24. Bc4 Bxc4 25. Rxc4 Qf7 26. d7+ Qxd7 27. Rxd7
Kxd7 28. Qxb7+ Ke6 29. Qxe4+ Kf7 30. Rc7+ Kg8 31. Qg4 Rh7 32. Rxc8 Rxc8 33.
Qxc8+ Kf7 34. Qd7+ Kg6 35. Qd3+ Kh6 36. Qxa6 Rh8 37. Qd3 Re8 38. Qe3+ 1-0

[Event "exe Slovakia Open 2025"]
[Site "Bratislava SVK"]
[Date "2025.09.14"]
[Round "2.60"]
[White "Kovacik, Oliver"]
[Black "Rexova, Kristina"]
[Result "1-0"]
[WhiteElo "1880"]
[BlackElo "1559"]
[WhiteFideId "2321963"]
[BlackFideId "14987449"]
[EventDate "2025.09.13"]

1. d4 d5 2. Bf4 Nf6 3. e3 e6 4. Nf3 c5 5. c3 Nc6 6. Bd3 Bd6 7. Nbd2 O-O 8. O-O
Re8 9. Ne5 Qc7 10. Ndf3 Nd7 11. Nxc6 Bxf4 12. exf4 Qxc6 13. Ne5 Nxe5 14. fxe5
cxd4 15. cxd4 Qb6 16. b3 g6 17. Qg4 Bd7 18. Rad1 Rac8 19. Kh1 Bb5 20. f4 Bxd3
21. Rxd3 Rc2 22. h4 Rxa2 23. h5 Qc7 24. Rh3 Rc2 25. hxg6 fxg6 26. Rff3 Qf7 27.
Rh6 Rc7 28. Qh4 Qe7 29. Qg4 Qf7 30. Rfh3 Qf5 31. Qh4 Ree7 32. Rxg6+ Qxg6 33. Rg3
Qxg3 34. Qxg3+ Rg7 35. Qh3 Rce7 36. f5 exf5 37. Qxf5 Rgf7 38. Qc8+ Kg7 39. Qc5
b6 40. Qxd5 Rd7 41. Qe4 Rf1+ 42. Kh2 Rf8 43. Qg4+ 1-0

[Event "exe Slovakia Open 2025"]
[Site "Bratislava SVK"]
[Date "2025.09.14"]
[Round "2.61"]
[White "Macakova, Bianka"]
[Black "Livnansky, Tomas"]
[Result "0-1"]
[WhiteElo "1637"]
[BlackElo "1874"]
[WhiteFideId "14982846"]
[BlackFideId "14967634"]
[EventDate "2025.09.13"]

1. e4 c5 2. Nf3 d6 3. d4 cxd4 4. Nxd4 Nf6 5. Nc3 Nc6 6. Bc4 e6 7. Bb3 a6 8. Be3
Be7 9. f4 Bd7 10. O-O Rc8 11. f5 Nxd4 12. Bxd4 exf5 13. exf5 Bc6 14. Bxf6 Bxf6
15. Re1+ Be5 16. Qg4 O-O 17. Rad1 Qf6 18. Kh1 Bxc3 19. bxc3 Qxc3 20. Rf1 Qf6 21.
Qf4 Rcd8 22. Rfe1 h6 23. Rd2 Rfe8 24. Rf1 Re4 25. Qg3 Re5 26. Qg6 Be4 27. Qxf6
gxf6 28. Rdf2 Kf8 29. Kg1 d5 30. Rf4 b5 31. Rh4 Kg7 32. Rhf4 Rc8 33. R1f2 Rc3
34. h3 Re3 35. Kh2 Re1 36. a4 bxa4 37. Bxa4 Ra1 38. Bb3 a5 39. Rf1 Ra3 40. Rg4+
Kf8 41. Rh4 a4 42. Bxa4 Rxa4 43. Rxh6 Kg7 44. Rh5 Bxc2 45. g4 Re2+ 46. Kg3 Ra3+
47. Rf3 Rxf3+ 48. Kxf3 Re4 49. Kg3 d4 50. g5 d3 51. g6 fxg6 52. fxg6 d2 0-1

[Event "exe Slovakia Open 2025"]
[Site "Bratislava SVK"]
[Date "2025.09.14"]
[Round "2.62"]
[White "Voiculescu-Holvad, Stefan"]
[Black "Shravan R"]
[Result "0-1"]
[WhiteElo "1875"]
[BlackElo "1547"]
[WhiteFideId "20692005"]
[BlackFideId "46624570"]
[EventDate "2025.09.13"]

1. d4 Nf6 2. c4 g6 3. Nf3 Bg7 4. g3 c6 5. Nc3 d5 6. Qb3 dxc4 7. Qxc4 Be6 8. Qd3
Na6 9. a3 c5 10. Qb5+ Qd7 11. dxc5 Qxb5 12. Nxb5 Bc4 13. e3 Bd5 14. Bg2 Nxc5 15.
Nc7+ Kd7 16. Nxd5 Nxd5 17. Nd4 e6 18. Ke2 Bxd4 19. exd4 Nb3 20. Rb1 Nxd4+ 21.
Kd3 Nc6 22. Bxd5 exd5 23. b4 Rhe8 24. Bf4 b5 25. Rhe1 Rxe1 26. Rxe1 a5 27. bxa5
Rxa5 28. Bc1 f6 29. Bb2 Ne5+ 30. Kc2 Nc4 31. Kb3 Nxb2 32. Kxb2 Ra4 33. f3 Kd6
34. Re8 d4 35. Rb8 Kc5 36. Rd8 Kc4 37. Rd7 b4 38. Rc7+ Kd3 39. Kb3 Rxa3+ 40.
Kxb4 Rc3 41. Rxh7 Kd2 42. Rh6 d3 43. Rxg6 Kc2 44. Rxf6 d2 45. Rd6 Rd3 46. Rxd3
Kxd3 47. f4 d1=Q 48. Kc5 Qg1+ 49. Kd6 Qxh2 50. f5 Qxg3+ 51. Ke7 Qg7+ 52. Ke6 Ke4
53. f6 Qf8 54. f7 Kd4 0-1

[Event "exe Slovakia Open 2025"]
[Site "Bratislava SVK"]
[Date "2025.09.14"]
[Round "2.63"]
[White "Buday, Alexander"]
[Black "Kucera, Michal"]
[Result "1/2-1/2"]
[WhiteElo "1595"]
[BlackElo "1900"]
[WhiteFideId "14971666"]
[BlackFideId "14910519"]
[EventDate "2025.09.13"]

1. e4 c5 2. Nf3 Nc6 3. d4 cxd4 4. Nxd4 Nf6 5. Nc3 e5 6. Ndb5 d6 7. Bg5 a6 8. Na3
b5 9. Nd5 Be7 10. Bxf6 Bxf6 11. c3 O-O 12. Nc2 Rb8 13. Be2 Bg5 14. O-O Be6 15.
Nce3 Bxe3 16. Nxe3 Ne7 17. Bg4 Qb6 18. Bxe6 fxe6 19. Qb3 Rf6 20. a4 Qc5 21. Rad1
Rd8 22. Rd2 Nc8 23. Rfd1 Rdf8 24. h3 h5 25. Qa2 Kh7 26. Qb3 Nb6 27. axb5 axb5
28. Qc2 Nc8 29. b4 Qc6 30. f3 R8f7 31. Kh1 Rc7 32. Rd3 Qb6 33. Qb3 Rc6 34. R1d2
Qc7 35. Nd1 Nb6 36. Nb2 Nc4 37. Rc2 Rf7 38. Qa2 Rd7 39. Nxc4 Rxc4 40. Qa6 Qc6
41. Qxc6 Rxc6 42. Rcd2 Kg8 43. Kg1 Kf7 44. Kf1 Ke7 45. Ke1 Ra7 46. Rc2 Ra1+ 47.
Ke2 Ra4 48. Rb2 Rc7 49. Rbd2 1/2-1/2

[Event "exe Slovakia Open 2025"]
[Site "Bratislava SVK"]
[Date "2025.09.14"]
[Round "2.64"]
[White "Simon, Peter"]
[Black "Chmelikova, Julia"]
[Result "1-0"]
[WhiteElo "1871"]
[BlackElo "1590"]
[WhiteFideId "14995948"]
[BlackFideId "14977753"]
[EventDate "2025.09.13"]

1. c4 e5 2. Nc3 Nc6 3. Nf3 g6 4. g3 Bg7 5. Bg2 d6 6. O-O Nge7 7. e3 O-O 8. d4
exd4 9. exd4 Bg4 10. Be3 Nf5 11. Ne2 Nxe3 12. fxe3 Re8 13. Qd2 Qe7 14. Kf2 Qe6
15. d5 Qd7 16. dxc6 bxc6 17. Nfd4 d5 18. cxd5 cxd5 19. Rac1 Rac8 20. Rc5 Bh6 21.
Rxd5 Qe7 22. Nf4 Bd7 23. Rc1 c5 24. Nb3 c4 25. Rxd7 Qf6 26. Bd5 1-0

[Event "exe Slovakia Open 2025"]
[Site "Bratislava SVK"]
[Date "2025.09.14"]
[Round "2.65"]
[White "Dubnicka, Ferdinand"]
[Black "Krupa, Andrej"]
[Result "0-1"]
[WhiteElo "1533"]
[BlackElo "1870"]
[WhiteFideId "14944057"]
[BlackFideId "73619876"]
[EventDate "2025.09.13"]

1. e4 c5 2. Nc3 Nc6 3. Nf3 g6 4. g3 Bg7 5. Bg2 d6 6. d3 e6 7. O-O Nge7 8. Be3
O-O 9. Qd2 Nd4 10. Rac1 Nec6 11. a3 Re8 12. Bh6 b5 13. Bxg7 Kxg7 14. Qf4 b4 15.
Qd2 Nxf3+ 16. Bxf3 bxc3 17. Qxc3+ Nd4 18. Bd1 Rb8 19. b4 Qb6 20. Qa1 e5 21. c3
Nc6 22. Bf3 Be6 23. Rb1 a6 24. Rfd1 Na7 25. bxc5 Qxc5 26. Rxb8 Rxb8 27. d4 Qc4
28. d5 Bd7 29. Rc1 Rb3 30. Bd1 Rb7 31. Bf3 a5 32. Kg2 f5 33. Re1 Rb3 34. Re3 Nb5
35. Be2 Qc5 36. exf5 Bxf5 37. g4 Bd7 38. a4 Nc7 39. Bf3 Nxd5 40. Qa2 Nxe3+ 41.
fxe3 Qxc3 0-1

[Event "exe Slovakia Open 2025"]
[Site "Bratislava SVK"]
[Date "2025.09.14"]
[Round "2.67"]
[White "Malanik, Jakub"]
[Black "Levytskyi, Liubomyr"]
[Result "0-1"]
[WhiteElo "1500"]
[BlackElo "1854"]
[WhiteFideId "14994240"]
[BlackFideId "34132155"]
[EventDate "2025.09.13"]

1. Nf3 d5 2. c4 d4 3. e3 Nc6 4. exd4 Nxd4 5. Nxd4 Qxd4 6. d3 Nh6 7. Nc3 c6 8.
Be3 Qd8 9. Be2 Nf5 10. O-O g6 11. Qd2 Bg7 12. Ne4 O-O 13. Rab1 a5 14. a3 a4 15.
Bd1 Be6 16. Nc5 Nxe3 17. fxe3 Bxc4 18. Rc1 Bb5 19. Be2 b6 20. Ne4 c5 21. Ng3 Qd6
22. Ne4 Qe5 23. Nc3 Bc6 24. e4 Rfd8 25. Qf4 Qxf4 26. Rxf4 Bh6 0-1

[Event "exe Slovakia Open 2025"]
[Site "Bratislava SVK"]
[Date "2025.09.15"]
[Round "3.1"]
[White "Nawalaniec, Adam"]
[Black "Pechac, Jergus"]
[Result "0-1"]
[WhiteTitle "FM"]
[BlackTitle "GM"]
[WhiteElo "2302"]
[BlackElo "2544"]
[WhiteFideId "21023786"]
[BlackFideId "14926970"]
[EventDate "2025.09.13"]

1. e4 c5 2. Nf3 e6 3. d4 cxd4 4. Nxd4 Bc5 5. Be3 Qb6 6. Nc3 Nc6 7. Na4 Qa5+ 8.
c3 Bxd4 9. Bxd4 Nxd4 10. Qxd4 e5 11. Qc4 Nf6 12. O-O-O O-O 13. Nc5 b6 14. Nb3
Qxa2 15. Kc2 d5 16. Qb4 a5 17. Qxb6 Qa4 18. f3 Bd7 19. Ra1 Rfb8 20. Rxa4 Rxb6
21. Ra2 dxe4 22. Rxa5 Rab8 23. Bc4 h5 24. fxe4 Nxe4 25. Ra7 Nd6 26. Rxd7 Nxc4
27. Nc5 Rxb2+ 28. Kd3 Nb6 29. Re7 Rd8+ 30. Ke4 Nd5 31. Ra7 Nxc3+ 32. Kf5 Rf2+
33. Kg5 Rxg2+ 34. Kxh5 Ne2 0-1

[Event "exe Slovakia Open 2025"]
[Site "Bratislava SVK"]
[Date "2025.09.15"]
[Round "3.2"]
[White "Heberla, Bartlomiej"]
[Black "Snehal, Bhosale"]
[Result "1-0"]
[WhiteTitle "GM"]
[BlackTitle "CM"]
[WhiteElo "2502"]
[BlackElo "2270"]
[WhiteFideId "1115120"]
[BlackFideId "5021995"]
[EventDate "2025.09.13"]

1. d4 Nf6 2. c4 d6 3. Nc3 Nbd7 4. Nf3 g6 5. e4 e5 6. Be2 Bg7 7. O-O O-O 8. Qc2
c6 9. Rd1 Qe7 10. Rb1 exd4 11. Nxd4 Nc5 12. f3 Nh5 13. Qd2 Rd8 14. Bf1 Ne6 15.
Nde2 Be5 16. g3 g5 17. Qe1 f5 18. exf5 Nd4 19. Nxd4 Bxd4+ 20. Kg2 Qxe1 21. Rxe1
Bxf5 22. Bxg5 Bxb1 23. Bxd8 Rxd8 24. Rxb1 Bxc3 25. bxc3 Rd7 26. f4 Ng7 27. Kf3
b6 28. Bh3 Rd8 29. Rd1 Kf7 30. Kf2 Ke7 31. Re1+ Kf7 32. Bg2 Rc8 33. Be4 h6 34.
g4 Rc7 35. h4 Ne6 36. Kf3 Nc5 37. g5 Kg7 38. Bc2 Rf7 39. f5 Nd7 40. f6+ Kf8 41.
Bg6 Ne5+ 42. Rxe5 dxe5 43. Bxf7 Kxf7 44. Ke4 hxg5 45. hxg5 Ke6 46. c5 b5 47. f7 1-0

[Event "exe Slovakia Open 2025"]
[Site "Bratislava SVK"]
[Date "2025.09.15"]
[Round "3.3"]
[White "Stevik, Patrik"]
[Black "Sahidi, Samir"]
[Result "0-1"]
[WhiteTitle "FM"]
[BlackTitle "IM"]
[WhiteElo "2314"]
[BlackElo "2469"]
[WhiteFideId "14944812"]
[BlackFideId "14936372"]
[EventDate "2025.09.13"]

1. e4 c5 2. c3 Nf6 3. e5 Nd5 4. d4 cxd4 5. Nf3 e6 6. cxd4 d6 7. Bc4 Nc6 8. O-O
Be7 9. Qe2 O-O 10. Nc3 Nxc3 11. bxc3 dxe5 12. dxe5 b6 13. Bd3 Bb7 14. Qe4 g6 15.
Bh6 Re8 16. Rad1 Qc7 17. Qf4 Rad8 18. Rfe1 Rd5 19. Be4 Rxd1 20. Rxd1 Rd8 21. Re1
f5 22. exf6 Qxf4 23. Bxf4 Bxf6 24. c4 Kf7 25. Ng5+ Bxg5 26. Bxg5 Rd4 27. f3 Na5
28. Bxb7 Nxb7 29. Rc1 Rd3 30. Kf2 Ra3 31. Rc2 Nc5 32. Ke2 e5 33. Bc1 Ra4 34. Be3
Ke6 35. Bxc5 bxc5 36. Ke3 Ra6 37. h4 h5 38. g3 Ra4 39. Kd3 Kf5 40. Rb2 e4+ 41.
fxe4+ Ke5 42. Rb7 Rxa2 43. Re7+ Kd6 0-1

[Event "exe Slovakia Open 2025"]
[Site "Bratislava SVK"]
[Date "2025.09.15"]
[Round "3.4"]
[White "Koelber, Daniel"]
[Black "Yaniv, Yuval"]
[Result "0-1"]
[BlackTitle "IM"]
[WhiteElo "2270"]
[BlackElo "2410"]
[WhiteFideId "1643380"]
[BlackFideId "2823900"]
[EventDate "2025.09.13"]

1. e4 c5 2. Nf3 e6 3. d4 cxd4 4. Nxd4 Nc6 5. Nc3 Qc7 6. Be3 a6 7. Bd3 Nf6 8. O-O
b5 9. Nxc6 dxc6 10. a4 Bb7 11. axb5 cxb5 12. Nxb5 axb5 13. Bxb5+ Nd7 14. Qd4
O-O-O 15. Ra7 Nb8 16. Qa4 Bc5 17. Bxc5 Qxc5 18. Ra5 Qd4 19. Qa3 Qb6 20. Bd3 Rd7
21. Qc3+ Nc6 22. Rc5 Rc7 23. Qxg7 Rd8 24. Rb5 Qd4 25. Qxd4 Nxd4 26. Rh5 f5 27.
Rh4 fxe4 28. Bxe4 Bxe4 29. Rxe4 Rxc2 30. Rb1 Rd7 31. h3 Kd8 32. b4 Ne2+ 33. Kh2
Nc3 34. Rc4 Rc7 35. Rxc7 Kxc7 36. Re1 Kd6 37. Kg3 h5 38. h4 0-1

[Event "exe Slovakia Open 2025"]
[Site "Bratislava SVK"]
[Date "2025.09.15"]
[Round "3.5"]
[White "Schwarz, Dusan"]
[Black "Pavlovic, Milos"]
[Result "1-0"]
[BlackTitle "GM"]
[WhiteElo "2270"]
[BlackElo "2409"]
[WhiteFideId "14903890"]
[BlackFideId "900389"]
[EventDate "2025.09.13"]

1. d4 Nf6 2. c4 g6 3. Nc3 Bg7 4. e4 d6 5. f3 O-O 6. Nge2 c5 7. d5 e6 8. Ng3 exd5
9. cxd5 a6 10. a4 Nbd7 11. Be2 Ne8 12. Bf4 Qe7 13. Qd2 Bd4 14. Nd1 Ng7 15. Be3
Bxe3 16. Nxe3 h5 17. O-O Rb8 18. Bd3 b5 19. axb5 axb5 20. Rae1 Ne5 21. f4 Nxd3
22. Qxd3 h4 23. Nh1 Re8 24. Nc2 b4 25. e5 Bf5 26. Qd2 Qc7 27. Ne3 c4 28. Qd4
dxe5 29. fxe5 1-0

[Event "exe Slovakia Open 2025"]
[Site "Bratislava SVK"]
[Date "2025.09.15"]
[Round "3.6"]
[White "Shohat, Yotam"]
[Black "Sydoryka, Vladyslav"]
[Result "1-0"]
[WhiteTitle "IM"]
[BlackTitle "FM"]
[WhiteElo "2382"]
[BlackElo "2246"]
[WhiteFideId "2813955"]
[BlackFideId "14145928"]
[EventDate "2025.09.13"]

1. e4 c6 2. d4 d5 3. e5 c5 4. dxc5 e6 5. c3 Nd7 6. Nf3 Bxc5 7. Bd3 f6 8. Bf4
fxe5 9. Bxe5 Ngf6 10. O-O Nxe5 11. Nxe5 O-O 12. Nd2 Bd6 13. Qe2 Bd7 14. Rae1 Be8
15. Qe3 Qc7 16. Qh3 Bh5 17. Ndf3 Rae8 18. g4 Bxe5 19. Nxe5 Bf7 20. g5 Nh5 21. g6
hxg6 22. Nxg6 1-0

[Event "exe Slovakia Open 2025"]
[Site "Bratislava SVK"]
[Date "2025.09.15"]
[Round "3.8"]
[White "Zielonka, Adam"]
[Black "Vasynda, Oleksandr"]
[Result "1-0"]
[WhiteTitle "FM"]
[BlackTitle "FM"]
[WhiteElo "2351"]
[BlackElo "2209"]
[WhiteFideId "21002096"]
[BlackFideId "14176297"]
[EventDate "2025.09.13"]

1. e4 c5 2. Nf3 Nc6 3. d4 cxd4 4. Nxd4 Nf6 5. Nc3 g6 6. Nxc6 dxc6 7. Qxd8+ Kxd8
8. Bc4 Ke8 9. e5 Nd7 10. e6 fxe6 11. Bxe6 Nc5 12. Bxc8 Rxc8 13. Be3 Ne6 14. Bxa7
Bg7 15. Be3 Bxc3+ 16. bxc3 Kf7 17. Ke2 Rhd8 18. Rhb1 b5 19. Rb4 Rd6 20. c4 Nd4+
21. Bxd4 Rxd4 22. Rd1 Rh4 23. h3 Ra8 24. Ra1 Rd8 25. a4 bxa4 26. Raxa4 Re4+ 27.
Kf3 Re5 28. c5 Rxc5 29. Rf4+ Kg7 30. Rac4 Rxc4 31. Rxc4 Rd6 32. Ke3 Kf6 33. Rf4+
Kg7 34. c3 e5 35. Rc4 Kf6 36. Ke4 h5 37. h4 Ke6 38. Rc5 Kf6 39. Rxe5 Rd2 40. Rc5
Rxf2 41. Rxc6+ Kg7 42. g3 Rg2 43. Kf3 Rc2 44. Kf4 Rg2 45. Kf3 Rc2 46. c4 Rc1 47.
c5 Rc4 48. Rc8 Rc3+ 49. Kf4 Rc4+ 50. Kf3 Rc3+ 51. Kf4 Rc4+ 52. Ke5 Rc3 53. c6
Rxg3 54. Rd8 Rc3 55. Rd7+ Kh6 56. c7 1-0

[Event "exe Slovakia Open 2025"]
[Site "Bratislava SVK"]
[Date "2025.09.15"]
[Round "3.9"]
[White "Kubik, Rafal"]
[Black "Jablonicky, Martin"]
[Result "1-0"]
[WhiteTitle "CM"]
[BlackTitle "IM"]
[WhiteElo "2192"]
[BlackElo "2363"]
[WhiteFideId "21022852"]
[BlackFideId "14925621"]
[EventDate "2025.09.13"]

1. e4 d6 2. d4 Nf6 3. Nc3 g6 4. Nf3 Bg7 5. Be2 O-O 6. O-O Bg4 7. h3 Bxf3 8. Bxf3
Nc6 9. d5 Ne5 10. Be2 c6 11. Be3 a6 12. f4 Ned7 13. a4 cxd5 14. exd5 Qa5 15. Qd2
Rac8 16. Rab1 Qb4 17. Qd4 a5 18. Bb5 Nc5 19. Rfd1 Qxd4 20. Bxd4 Nh5 21. Bxg7
Kxg7 22. Ne2 f5 23. c3 Ne4 24. Rd4 Nhf6 25. Rbd1 Nc5 26. R4d2 Nb3 27. Rd3 Kf7
28. Nc1 Nxc1 29. Rxc1 Rc5 30. Rcd1 h6 31. Rd4 Rg8 32. Bd3 Rgc8 33. c4 Ra8 34. b3
Ra6 35. Re1 Rb6 36. Bc2 h5 37. g3 h4 38. g4 Rb4 39. gxf5 gxf5 40. Rd3 b5 41.
axb5 a4 42. Rde3 axb3 43. Kf2 1-0

[Event "exe Slovakia Open 2025"]
[Site "Bratislava SVK"]
[Date "2025.09.15"]
[Round "3.10"]
[White "Dovgaliuk, Oleksandr"]
[Black "Selbes, Tamer Tarik"]
[Result "0-1"]
[WhiteTitle "FM"]
[BlackTitle "FM"]
[WhiteElo "2316"]
[BlackElo "2209"]
[WhiteFideId "14167247"]
[BlackFideId "6302513"]
[EventDate "2025.09.13"]

1. c4 e5 2. d3 Nf6 3. a3 d5 4. cxd5 Nxd5 5. Nf3 Nc6 6. e4 Nb6 7. Be2 Be7 8. O-O
g5 9. Be3 g4 10. Ne1 Rg8 11. Nc2 Be6 12. d4 exd4 13. Nxd4 Nxd4 14. Bxd4 Qd7 15.
Nc3 Rd8 16. Bxb6 Qxd1 17. Rfxd1 Rxd1+ 18. Rxd1 axb6 19. Nd5 Bd8 20. Nf4 Bc8 21.
Bc4 c6 22. e5 b5 23. Ba2 Ke7 24. Rd6 Rg5 25. Nd3 Bf5 26. Ne1 Bb6 27. Kf1 Rh5 28.
Rf6 Bg6 29. f4 Rxh2 30. f5 Bh5 31. Ke2 Bd4 32. Rh6 Bxe5 33. Nd3 Bg7 34. Rxh7 g3+
35. Ke3 Kf8 36. Nf4 Bg4 37. Nh3 Bxf5 0-1

[Event "exe Slovakia Open 2025"]
[Site "Bratislava SVK"]
[Date "2025.09.15"]
[Round "3.11"]
[White "Lahav, Michal"]
[Black "Koepke, Christian"]
[Result "0-1"]
[WhiteTitle "WIM"]
[BlackTitle "IM"]
[WhiteElo "2152"]
[BlackElo "2331"]
[WhiteFideId "2813742"]
[BlackFideId "4655737"]
[EventDate "2025.09.13"]

1. e4 c5 2. c3 Nc6 3. Nf3 d5 4. exd5 Qxd5 5. d4 Bf5 6. Na3 cxd4 7. Nb5 O-O-O 8.
cxd4 e5 9. Nc3 Qa5 10. d5 Nb4 11. Bc4 Nc2+ 12. Kf1 Nxa1 13. Nxe5 Nf6 14. Nb5
Nxd5 15. Qf3 Be6 16. Bd3 Nc7 17. Nxa7+ Kb8 18. Bd2 Qxd2 19. Nac6+ 0-1